[Event "Asian University"]
[Site "Tornelo INT"]
[Date "2021.09.12"]
[Round "8"]
[White "Gamage, Chathulanka"]
[Black "Teh, Eu Wen Aron"]
[Result "0-1"]
[WhiteElo "1879"]
[BlackElo "2263"]
[PlyCount "140"]
[EventDate "2021.09.10"]
[EventType "swiss (rapid)"]
[EventRounds "9"]
[EventCountry "NET"]
[SourceTitle "CBM 204 Extra"]
[Source "ChessBase"]
[SourceDate "2021.11.30"]
[SourceVersion "1"]
[SourceVersionDate "2021.11.30"]
[SourceQuality "1"]

1. e4 e5 2. Nf3 Nc6 3. Bc4 Bc5 4. c3 Nf6 5. d3 a6 6. Bb3 Ba7 7. Nbd2 0-0 8. h3 Re8 9. 0-0 d6 10. Re1 h6 11. Nf1 Be6 12. Bc2 d5 13. exd5 Bxd5 14. Ng3 Bc5 15. Nh4 Qd7 16. Nh5 Nxh5 17. Qxh5 Rad8 18. Be3 Bf8 19. Rad1 g6 20. Qg4 Bg7 21. Nf3 Qxg4 22. hxg4 Be6 23. Nh2 Ne7 24. f3 Nd5 25. Bd2 Kf8 26. Nf1 c5 27. g3 b5 28. Ne3 Nb6 29. f4 Bc8 30. f5 Bb7 31. Rf1 Kg8 32. Ng2 g5 33. Be3 Bf8 34. Kf2 f6 35. Rh1 Bd5 36. b4 Nd7 37. a4 Bf7 38. axb5 axb5 39. bxc5 Nxc5 40. Ke2 Rc8 41. Rb1 Bd5 42. Rh2 Na4 43. c4 Nc3+ 44. Kd2 Nxb1+ 45. Bxb1 bxc4 46. dxc4 Bxc4 47. Be4 Red8+ 48. Ke1 Bb4+ 49. Kf2 Kg7 50. Rh1 Bd5 51. Bxd5 Rxd5 52. Rb1 Rc2+ 53. Kf3 Rc4 54. Rb2 Rd7 55. Bf2 Bc5 56. Ne3 Bxe3 57. Bxe3 Rc3 58. Ke2 Rc4 59. Kf3 Ra4 60. Rb3 Rc7 61. Rb2 Kf7 62. Bf2 Ra3+ 63. Ke2 Rac3 64. Rb4 R3c4 65. Rxc4 Rxc4 66. Kf3 Ke7 67. Be3 Rc3 68. Ke2 Kd6 69. Bf2 Kd5 70. Be1 Rb3 0-1

[Event "Asian University"]
[Site "Tornelo INT"]
[Date "2021.09.11"]
[Round "6"]
[White "Hafiz, Arif Abdul"]
[Black "Teh, Eu Wen Aron"]
[Result "1-0"]
[WhiteElo "2234"]
[BlackElo "2263"]
[PlyCount "65"]
[EventDate "2021.09.10"]
[EventType "swiss (rapid)"]
[EventRounds "9"]
[EventCountry "NET"]
[SourceTitle "CBM 204 Extra"]
[Source "ChessBase"]
[SourceDate "2021.11.30"]
[SourceVersion "1"]
[SourceVersionDate "2021.11.30"]
[SourceQuality "1"]

1. e4 e5 2. Nf3 Nc6 3. d4 exd4 4. Bc4 Nf6 5. e5 d5 6. Bb5 Ne4 7. Nxd4 Bd7 8. Bxc6 bxc6 9. 0-0 Be7 10. f3 Ng5 11. f4 Ne4 12. Nc3 Nxc3 13. bxc3 c5 14. Nb3 c4 15. Nd4 c5 16. Ne2 Bc6 17. f5 d4 18. Nf4 dxc3 19. Qg4 Qd4+ 20. Kh1 Qxe5 21. Nh5 g6 22. Bf4 Qd4 23. Rae1 gxh5 24. Qg5 Be4 25. f6 Bxf6 26. Qf5 Be7 27. Rxe4 Qd7 28. Qxd7+ Kxd7 29. Rd1+ Kc6 30. Rxe7 Rad8 31. Rc7+ Kb6 32. Rb1+ Ka6 33. Rc6+ 1-0

[Event "Asian University"]
[Site "Tornelo INT"]
[Date "2021.09.11"]
[Round "5"]
[White "Teh, Eu Wen Aron"]
[Black "Deng, Haoyou"]
[Result "1-0"]
[WhiteElo "2263"]
[BlackElo "1672"]
[PlyCount "113"]
[EventDate "2021.09.10"]
[EventType "swiss (rapid)"]
[EventRounds "9"]
[EventCountry "NET"]
[SourceTitle "CBM 204 Extra"]
[Source "ChessBase"]
[SourceDate "2021.11.30"]
[SourceVersion "1"]
[SourceVersionDate "2021.11.30"]
[SourceQuality "1"]

1. d4 Nf6 2. c4 e6 3. Nc3 b6 4. e4 Bb7 5. Bd3 d6 6. Nf3 Be7 7. 0-0 0-0 8. Re1 c5 9. d5 e5 10. Qc2 Na6 11. a3 Qd7 12. Bd2 Nh5 13. Rab1 Qg4 14. h3 Qg6 15. Kh2 h6 16. Qd1 Bg5 17. Nxg5 hxg5 18. Be2 Nf4 19. Bg4 Qf6 20. Rf1 Bc8 21. g3 Ng6 22. Bxc8 Raxc8 23. Qg4 Qe7 24. Bxg5 f6 25. Be3 Qf7 26. Nb5 Rcd8 27. Rbd1 f5 28. Qxf5 Qxf5 29. exf5 Rxf5 30. Nxa7 e4 31. Nc6 Rdf8 32. b4 R5f7 33. b5 Nb8 34. Kg2 Nxc6 35. dxc6 Ne5 36. Bf4 Nxc4 37. Bxd6 Rc8 38. Bf4 Nxa3 39. c7 Nxb5 40. Rd8+ Rf8 41. Rb1 Nxc7 42. Rxf8+ Kxf8 43. Rxb6 Nd5 44. Bd6+ Kf7 45. Rb5 Nc3 46. Rxc5 Rxc5 47. Bxc5 Ke6 48. Bd4 Nd5 49. Bxg7 Kf5 50. Bd4 Ne7 51. g4+ Kg5 52. Kg3 Ng6 53. Be3+ Kf6 54. h4 Ke6 55. h5 Nf8 56. Kf4 Kd5 57. Kf5 1-0

[Event "Asian University"]
[Site "Tornelo INT"]
[Date "2021.09.10"]
[Round "2"]
[White "Teh, Eu Wen Aron"]
[Black "Priasmoro, Novendra"]
[Result "1/2-1/2"]
[WhiteElo "2263"]
[BlackElo "2502"]
[PlyCount "118"]
[EventDate "2021.09.10"]
[EventType "swiss (rapid)"]
[EventRounds "9"]
[EventCountry "NET"]
[SourceTitle "CBM 204 Extra"]
[Source "ChessBase"]
[SourceDate "2021.11.30"]
[SourceVersion "1"]
[SourceVersionDate "2021.11.30"]
[SourceQuality "1"]

1. d4 Nf6 2. c4 g6 3. Nc3 Bg7 4. e4 d6 5. Be2 0-0 6. Bg5 h6 7. Be3 e5 8. d5 a5 9. g4 Na6 10. h3 Nc5 11. Qc2 c6 12. 0-0-0 cxd5 13. cxd5 Bd7 14. Bxc5 dxc5 15. Bb5 a4 16. Nge2 Qa5 17. Bxd7 Nxd7 18. d6 b5 19. Nd5 Kh7 20. Kb1 Rfd8 21. h4 c4 22. h5 g5 23. Ng3 Nc5 24. Nf5 Ra6 25. Rh3 Ne6 26. Qc3 Nd4 27. Nde7 Bf6 28. Qxa5 Rxa5 29. Nxd4 Rxd6 30. Nef5 Rd7 31. Nc6 Rxd1+ 32. Kc2 Ra6 33. Nb4 Rad6 34. Nxd6 Rxd6 35. Nd5 Bd8 36. a3 Kg7 37. Rh1 Kf8 38. Rd1 Ba5 39. Ne3 Rxd1 40. Kxd1 c3 41. bxc3 Bxc3 42. Kc2 Bd4 43. Nf5 Bxf2 44. Nxh6 Bc5 45. Kb2 Kg7 46. Nf5+ Kh7 47. Ka2 f6 48. Kb2 Kg8 49. Ka2 Kf7 50. Kb2 Bf8 51. Ka2 b4 52. axb4 Bxb4 53. Kb2 Bf8 54. Kc3 Bc5 55. Kc4 Bf8 56. Ne3 Ke6 57. Nf5 Kf7 58. Ne3 Ke6 59. Nf5 Kf7 1/2-1/2

[Event "Birmingham op"]
[Site "Birmingham"]
[Date "2020.02.22"]
[Round "2"]
[White "Starley, Robert"]
[Black "Teh, Eu Wen Aron"]
[Result "0-1"]
[WhiteElo "2078"]
[BlackElo "2263"]
[PlyCount "92"]
[EventDate "2020.02.22"]
[EventType "team-swiss"]
[EventRounds "5"]
[EventCountry "ENG"]
[SourceTitle "CBM 195 Extra"]
[Source "ChessBase"]
[SourceDate "2020.05.31"]
[SourceVersion "1"]
[SourceVersionDate "2020.05.31"]
[SourceQuality "1"]
[WhiteTeam "Leeds"]
[BlackTeam "Imperial"]
[WhiteTeamCountry "ENG"]
[BlackTeamCountry "ENG"]

1. e4 e5 2. Nf3 Nc6 3. Bb5 Nf6 4. d3 Bc5 5. Bxc6 dxc6 6. 0-0 Qe7 7. Nbd2 Nd7 8. c3 Bd6 9. Nc4 f6 10. d4 0-0 11. dxe5 Nxe5 12. Ncxe5 fxe5 13. Bg5 Qf7 14. Nd2 Be6 15. Qe2 a5 16. Be3 a4 17. c4 Bb4 18. Rfc1 Rfd8 19. Nf1 Rd7 20. b3 Qe7 21. Rd1 Rad8 22. f3 a3 23. Rac1 b5 24. Rxd7 Qxd7 25. Kf2 bxc4 26. bxc4 Ba5 27. Qc2 Rb8 28. Qa4 Rb2+ 29. Kg1 Bb4 30. Rd1 Qe8 31. Bd2 Bc5+ 32. Be3 Bb4 33. Bd2 Bf8 34. Ra1 Qd7 35. Bc3 Bc5+ 36. Kh1 Rf2 37. Bxe5 Qd3 38. Ng3 Qxc4 39. Qxc6 Bf8 40. Qxc4 Bxc4 41. Bxc7 Rxa2 42. Rxa2 Bxa2 43. Be5 Bc4 44. Nf5 g6 45. Ne3 Bb3 46. Kg1 Bg7 0-1

[Event "Berlin Lichtenberger op 17th"]
[Site "Berlin"]
[Date "2018.08.20"]
[Round "3"]
[White "Poseck, Steffen"]
[Black "Teh, Eu Wen Aron"]
[Result "1-0"]
[WhiteElo "2052"]
[BlackElo "2286"]
[PlyCount "39"]
[EventDate "2018.08.18"]
[EventType "swiss"]
[EventRounds "9"]
[EventCountry "GER"]
[SourceTitle "CBM 186 Extra"]
[Source "ChessBase"]
[SourceDate "2018.08.24"]
[SourceVersion "1"]
[SourceVersionDate "2018.08.24"]
[SourceQuality "1"]

1. c4 Nf6 2. Nc3 e6 3. e4 d5 4. cxd5 exd5 5. e5 Ne4 6. Nf3 Nc6 7. Bb5 Nxc3 8. dxc3 Be7 9. 0-0 0-0 10. Qd3 Bg4 11. Re1 Bh5 12. Bxc6 bxc6 13. Nd4 Qd7 14. f4 c5 15. Nf5 Rfd8 16. Qh3 Bf8 17. Qxh5 g6 18. Nh6+ Kg7 19. Qh4 Be7 20. Qg3 1-0

[Event "GBR-ch Major 105th"]
[Site "Hull"]
[Date "2018.08.03"]
[Round "7"]
[White "Teh, Eu Wen Aron"]
[Black "Stoyanov, Viktor"]
[Result "1/2-1/2"]
[WhiteElo "2286"]
[BlackElo "2177"]
[PlyCount "82"]
[EventDate "2018.07.28"]
[EventType "swiss"]
[EventRounds "9"]
[EventCountry "ENG"]
[SourceTitle "CBM 185 Extra"]
[Source "ChessBase"]
[SourceDate "2018.07.29"]
[SourceVersion "1"]
[SourceVersionDate "2018.07.29"]
[SourceQuality "1"]

1. d4 Nf6 2. c4 g6 3. Nc3 d5 4. cxd5 Nxd5 5. e4 Nxc3 6. bxc3 Bg7 7. Nf3 c5 8. Rb1 0-0 9. Be2 cxd4 10. cxd4 Qa5+ 11. Bd2 Qxa2 12. 0-0 Bg4 13. Bg5 h6 14. Be3 Nc6 15. d5 Na5 16. Bc5 b6 17. Bxe7 Rfe8 18. d6 Nc6 19. Bb5 Nxe7 20. Bxe8 Rxe8 21. dxe7 Qa3 22. h3 Be6 23. Nd4 Qxe7 24. Nxe6 Qxe6 25. Re1 Bf8 26. Qb3 Qxb3 27. Rxb3 Bc5 28. Kf1 Rd8 29. Ke2 Rd4 30. f3 a5 31. Reb1 Kf8 32. Rxb6 Bxb6 33. Rxb6 h5 34. Ra6 Ra4 35. h4 Ra2+ 36. Kf1 Ke7 37. Kg1 Kf8 38. Kh2 Kg7 39. Kg3 Kf8 40. Kh2 Kg7 41. Kg3 Kf8 1/2-1/2

[Event "GBR-ch Major 105th"]
[Site "Hull"]
[Date "2018.08.01"]
[Round "5"]
[White "Teh, Eu Wen Aron"]
[Black "Ogunshola, Ben"]
[Result "1-0"]
[WhiteElo "2286"]
[BlackElo "2143"]
[PlyCount "115"]
[EventDate "2018.07.28"]
[EventType "swiss"]
[EventRounds "9"]
[EventCountry "ENG"]
[SourceTitle "CBM 185 Extra"]
[Source "ChessBase"]
[SourceDate "2018.07.29"]
[SourceVersion "1"]
[SourceVersionDate "2018.07.29"]
[SourceQuality "1"]

1. d4 g6 2. c4 Bg7 3. Nc3 d6 4. e4 Nf6 5. Be2 0-0 6. Bg5 h6 7. Be3 c5 8. e5 dxe5 9. dxe5 Qxd1+ 10. Rxd1 Ng4 11. Bxc5 Nxe5 12. Nd5 Na6 13. Bxe7 Re8 14. Ba3 Be6 15. Kf1 Kh7 16. h4 Rac8 17. b3 Nc5 18. Nf3 Bg4 19. Bxc5 Rxc5 20. Nxe5 Bxe2+ 21. Kxe2 Rxe5+ 22. Ne3 b5 23. cxb5 Rxb5 24. Rd7 Ra5 25. a4 f5 26. Rc1 f4 27. Rcc7 fxe3 28. Rxg7+ Kh8 29. Rh7+ Kg8 30. Rcg7+ Kf8 31. Rxa7 exf2+ 32. Kxf2 Rf5+ 33. Kg3 Rxa7 34. Rxa7 h5 35. b4 g5 36. hxg5 Rxg5+ 37. Kh3 Ke8 38. b5 Kd8 39. b6 Kc8 40. Rc7+ Kb8 41. Rc4 Kb7 42. Rb4 h4 43. Rxh4 Kxb6 44. Rc4 Rh5+ 45. Kg4 Rh1 46. Kg5 Rd1 47. g4 Rd5+ 48. Kg6 Rd6+ 49. Kh5 Rd1 50. g5 Rh1+ 51. Kg6 Rg1 52. Kf6 Rf1+ 53. Kg7 Rg1 54. g6 Rg2 55. Kf7 Rf2+ 56. Kg8 Rg2 57. g7 Rg1 58. Rh4 1-0

[Event "GBR-ch Major 105th"]
[Site "Hull"]
[Date "2018.07.29"]
[Round "2"]
[White "Cocks, Elliot"]
[Black "Teh, Eu Wen Aron"]
[Result "0-1"]
[WhiteElo "1985"]
[BlackElo "2286"]
[PlyCount "90"]
[EventDate "2018.07.28"]
[EventType "swiss"]
[EventRounds "9"]
[EventCountry "ENG"]
[SourceTitle "CBM 185 Extra"]
[Source "ChessBase"]
[SourceDate "2018.07.29"]
[SourceVersion "1"]
[SourceVersionDate "2018.07.29"]
[SourceQuality "1"]

1. e4 e6 2. d3 c5 3. Nc3 Nc6 4. g3 g6 5. Bg2 Bg7 6. Be3 d6 7. Nge2 Nge7 8. d4 cxd4 9. Nxd4 a6 10. 0-0 0-0 11. Qd2 Ne5 12. Qe2 Qc7 13. Bg5 h6 14. Bxe7 Qxe7 15. f4 Nc6 16. Nxc6 bxc6 17. Na4 Rb8 18. c3 c5 19. b3 Bd7 20. Rad1 Bxa4 21. bxa4 Bxc3 22. Qxa6 Bd4+ 23. Kh1 Rb2 24. f5 Rfb8 25. Qd3 Be5 26. fxg6 fxg6 27. Bh3 R2b4 28. Qf3 Kg7 29. Qg4 Re8 30. Rf3 Rxa4 31. Rdf1 Rxa2 32. Rf7+ Qxf7 33. Rxf7+ Kxf7 34. Qf3+ Kg7 35. Qb3 Rb2 36. Qa4 Re7 37. Qc6 Ra7 38. Bf1 Rb1 39. Kg2 Ra2+ 40. Kh3 Rxf1 41. Qd7+ Rf7 42. Qxe6 Rd2 43. Qb3 Rd4 44. Qc2 c4 45. Kg2 Rc7 0-1

[Event "GBR-ch Major 105th"]
[Site "Hull"]
[Date "2018.07.28"]
[Round "1"]
[White "Teh, Eu Wen Aron"]
[Black "Anilkumar, Anantha P"]
[Result "1-0"]
[WhiteElo "2286"]
[BlackElo "1903"]
[PlyCount "61"]
[EventDate "2018.07.28"]
[EventType "swiss"]
[EventRounds "9"]
[EventCountry "ENG"]
[SourceTitle "CBM 185 Extra"]
[Source "ChessBase"]
[SourceDate "2018.07.29"]
[SourceVersion "1"]
[SourceVersionDate "2018.07.29"]
[SourceQuality "1"]

1. d4 Nf6 2. c4 g6 3. Nc3 d5 4. cxd5 Nxd5 5. e4 Nxc3 6. bxc3 Bg7 7. Nf3 c5 8. Rb1 0-0 9. Be2 cxd4 10. cxd4 Qa5+ 11. Bd2 Qxa2 12. 0-0 Bg4 13. Bg5 Nd7 14. h3 Bxf3 15. Bxf3 f6 16. Bd2 Nb6 17. Bb4 Rfe8 18. Qd3 e5 19. Bd1 Kh8 20. Bb3 Qa6 21. Qxa6 bxa6 22. d5 a5 23. Bxa5 Bf8 24. Rfc1 Rec8 25. Rc6 Rxc6 26. dxc6 Rc8 27. Bd5 Bc5 28. Rb5 Bd4 29. Bb4 Kg7 30. Bd6 a6 31. Rb1 1-0

[Event "Abu Dhabi op 24th"]
[Site "Abu Dhabi"]
[Date "2017.08.20"]
[Round "7"]
[White "Iniyan, Panneerseluam"]
[Black "Teh, Eu Wen Aron"]
[Result "1/2-1/2"]
[WhiteElo "2404"]
[BlackElo "2276"]
[PlyCount "96"]
[EventDate "2017.08.14"]
[EventType "swiss"]
[EventRounds "9"]
[EventCountry "UAE"]
[SourceTitle "CBM 180 Extra"]
[Source "ChessBase"]
[SourceDate "2017.10.06"]
[SourceVersion "1"]
[SourceVersionDate "2017.10.06"]
[SourceQuality "1"]

1. d4 Nf6 2. c4 e6 3. Nc3 Bb4 4. Nf3 d5 5. cxd5 exd5 6. Bg5 h6 7. Bh4 c5 8. dxc5 Nbd7 9. Qa4 Qa5 10. Qxa5 Bxa5 11. 0-0-0 Bxc3 12. bxc3 Nxc5 13. Bxf6 gxf6 14. Rxd5 Ne4 15. e3 Be6 16. Rd4 Nxf2 17. Rg1 Ng4 18. Bc4 Nxe3 19. Bxe6 fxe6 20. Re1 Nf5 21. Rb4 0-0-0 22. Rxe6 Rd6 23. Re2 Rd3 24. Kc2 Re3 25. Rf2 Nd6 26. Nd2 f5 27. Nf1 Re5 28. Ng3 Rhe8 29. Rd4 Kc7 30. Rdf4 Ra5 31. Kd3 Ree5 32. a4 Ne4 33. Nxe4 fxe4+ 34. Ke3 Rxa4 35. Rf7+ Kd6 36. R2f6+ Re6 37. Rxe6+ Kxe6 38. Rh7 Rc4 39. Rxh6+ Kf5 40. Rh5+ Kg6 41. Re5 Rxc3+ 42. Kxe4 Rc2 43. Kf3 Rc3+ 44. Re3 Rxe3+ 45. Kxe3 a5 46. Kd4 a4 47. Kc4 b5+ 48. Kb4 Kg5 1/2-1/2

[Event "Abu Dhabi op 24th"]
[Site "Abu Dhabi"]
[Date "2017.08.17"]
[Round "4"]
[White "Teh, Eu Wen Aron"]
[Black "Harshal, Shahi"]
[Result "1-0"]
[WhiteElo "2276"]
[BlackElo "2130"]
[PlyCount "109"]
[EventDate "2017.08.14"]
[EventType "swiss"]
[EventRounds "9"]
[EventCountry "UAE"]
[SourceTitle "CBM 180 Extra"]
[Source "ChessBase"]
[SourceDate "2017.10.06"]
[SourceVersion "1"]
[SourceVersionDate "2017.10.06"]
[SourceQuality "1"]

1. d4 d5 2. c4 e6 3. Nc3 c6 4. e3 Nf6 5. Nf3 Nbd7 6. Qc2 Bd6 7. b3 0-0 8. Be2 b6 9. 0-0 Bb7 10. Bb2 Rc8 11. Rad1 Qe7 12. e4 dxe4 13. Nxe4 Nxe4 14. Qxe4 Nf6 15. Qc2 c5 16. d5 exd5 17. cxd5 h6 18. Rfe1 Qd8 19. Qf5 Ra8 20. Bxf6 Qxf6 21. Qxf6 gxf6 22. Nh4 Bc8 23. Bd3 Rd8 24. Bf5 Bb7 25. Be4 Bc8 26. g3 b5 27. Kg2 a5 28. Bf5 Bb7 29. Re4 h5 30. Re2 a4 31. Be4 axb3 32. axb3 Ra3 33. Re3 Bc8 34. Bf3 Be5 35. Bxh5 Bb7 36. Nf5 Bd4 37. Bxf7+ Kxf7 38. Re7+ Kf8 39. Rxb7 Rxd5 40. Ne7 Rg5 41. Nc6 Rxb3 42. Nxd4 cxd4 43. Rxd4 Re5 44. Rd8+ Re8 45. Rd6 Re7 46. Rxf6+ Kg7 47. Rbb6 Rb7 48. h4 Rxb6 49. Rxb6 b4 50. Kh3 Rb2 51. f4 b3 52. Kg4 Rb1 53. Kg5 b2 54. Rb7+ Kg8 55. g4 1-0

[Event "Eastern Asia-ch U20"]
[Site "Tagaytay CIty"]
[Date "2017.06.02"]
[Round "7.4"]
[White "Teh, Eu Wen Aron"]
[Black "Bersamina, Paulo"]
[Result "1/2-1/2"]
[WhiteElo "2285"]
[BlackElo "2419"]
[PlyCount "93"]
[EventDate "2017.05.27"]
[EventType "swiss"]
[EventRounds "9"]
[EventCountry "PHI"]
[SourceTitle "EXT 2024"]
[Source "ChessBase"]
[SourceDate "2023.10.10"]
[SourceVersion "1"]
[SourceVersionDate "2023.10.10"]
[SourceQuality "1"]

1. d4 Nf6 2. Nf3 c5 3. c3 cxd4 4. cxd4 d5 5. Nc3 Nc6 6. Bf4 Bf5 7. e3 e6 8. Bd3 Bxd3 9. Qxd3 Be7 10. h3 0-0 11. 0-0 a6 12. Ne5 Nxe5 13. Bxe5 Nd7 14. Bg3 Qa5 15. Rfc1 Rfc8 16. f3 Rc6 17. Ne2 Rac8 18. Rxc6 Rxc6 19. Be1 Qc7 20. Bd2 Nb6 21. Rc1 Nc4 22. b3 Nxd2 23. Qxd2 g6 24. Rxc6 Qxc6 25. Qc3 Qd7 26. Kf2 h5 27. Nf4 Kg7 28. Nd3 Bd6 29. Kf1 g5 30. e4 dxe4 31. fxe4 Kg6 32. Qc4 Qd8 33. d5 e5 34. Nf2 Qb6 35. g4 h4 36. Qc8 Kg7 37. Qd7 Qc5 38. Qxb7 Qc1+ 39. Kg2 Bc5 40. Qc8 Qe3 41. Qf5 Qg3+ 42. Kf1 Bxf2 43. Qxg5+ Kf8 44. Qd8+ Kg7 45. Qg5+ Kf8 46. Qd8+ Kg7 47. Qg5+ 1/2-1/2

[Event "Eastern Asia-ch U20"]
[Site "Tagaytay CIty"]
[Date "2017.05.31"]
[Round "5.5"]
[White "Teh, Eu Wen Aron"]
[Black "Kamalsyah, Muhammad"]
[Result "1-0"]
[WhiteElo "2285"]
[BlackElo "1879"]
[PlyCount "133"]
[EventDate "2017.05.27"]
[EventType "swiss"]
[EventRounds "9"]
[EventCountry "PHI"]
[SourceTitle "EXT 2024"]
[Source "ChessBase"]
[SourceDate "2023.10.10"]
[SourceVersion "1"]
[SourceVersionDate "2023.10.10"]
[SourceQuality "1"]

1. d4 Nf6 2. c4 e6 3. Nc3 Bb4 4. Qc2 0-0 5. a3 Bxc3+ 6. Qxc3 Ne4 7. Qc2 f5 8. e3 b6 9. Ne2 c5 10. f3 Nf6 11. Bd2 Qe7 12. Rc1 Bb7 13. dxc5 bxc5 14. Nc3 Nh5 15. Nd1 e5 16. Bc3 Nc6 17. Qf2 f4 18. e4 a5 19. Bd3 g6 20. 0-0 Ng7 21. Be1 Nd4 22. Nc3 a4 23. Nd5 Qd8 24. Qh4 g5 25. Qh6 Ra6 26. Qh3 h5 27. g4 hxg4 28. fxg4 Kf7 29. Bc3 Rh8 30. Qg2 Nge6 31. Kf2 Rh4 32. Rh1 Bc6 33. Rcg1 Qb8 34. Qf1 Qb7 35. h3 Ra8 36. Rh2 Rah8 37. Ke1 Kg7 38. Kd2 d6 39. Kc1 Nb3+ 40. Kb1 Ned4 41. Rgh1 Qf7 42. Be1 R4h7 43. Qf2 Bd7 44. Nb6 Be6 45. Bc3 Qb7 46. Nd5 Rh4 47. Be1 Qf7 48. Qg2 R4h6 49. Qf2 R6h7 50. Bc3 Rh6 51. Be1 Kf8 52. Bc3 Ke8 53. h4 Rxh4 54. Rxh4 Rxh4 55. Rxh4 gxh4 56. Qxh4 Bxd5 57. exd5 Qg7 58. Qh5+ Ke7 59. Be1 Nf3 60. Bh4+ Nxh4 61. Qxh4+ Kd7 62. Bf5+ Ke8 63. g5 Nd2+ 64. Kc1 Nxc4 65. Bd3 Ne3 66. Bb5+ Kf7 67. Qh5+ 1-0

[Event "Hastings Masters op 92nd"]
[Site "Hastings"]
[Date "2017.01.04"]
[Round "8"]
[White "Teh, Eu Wen Aron"]
[Black "Britton, Richard"]
[Result "1-0"]
[WhiteElo "2279"]
[BlackElo "2139"]
[PlyCount "83"]
[EventDate "2016.12.28"]
[EventType "swiss"]
[EventRounds "9"]
[EventCountry "ENG"]
[SourceTitle "CBM 176 Extra"]
[Source "ChessBase"]
[SourceDate "2017.03.02"]
[SourceVersion "1"]
[SourceVersionDate "2017.03.02"]
[SourceQuality "1"]

1. d4 Nf6 2. c4 g6 3. Nc3 Bg7 4. e4 d6 5. Be2 0-0 6. Bg5 Na6 7. Qd2 e5 8. d5 Nc5 9. f3 a5 10. Bd1 c6 11. Nge2 cxd5 12. Nxd5 Ne6 13. Be3 Nxd5 14. exd5 Nc5 15. 0-0 b6 16. Nc3 Bd7 17. Rb1 f5 18. f4 Qf6 19. Be2 Rae8 20. Kh1 Bh6 21. fxe5 Bxe3 22. Qxe3 dxe5 23. b4 axb4 24. Rxb4 f4 25. Qd2 e4 26. d6 f3 27. Nd5 Qxd6 28. gxf3 Bh3 29. Rxb6 Qd8 30. Rg1 exf3 31. Rbxg6+ hxg6 32. Rxg6+ Kf7 33. Qh6 Bg2+ 34. Kg1 Re7 35. Rf6+ Kg8 36. Nxe7+ Qxe7 37. Rg6+ Kf7 38. Rg7+ Ke8 39. Rxe7+ Kxe7 40. Qg5+ Kf7 41. Qxc5 fxe2 42. Qf2+ 1-0

[Event "Hastings Masters op 92nd"]
[Site "Hastings"]
[Date "2016.12.29"]
[Round "2"]
[White "Teh, Eu Wen Aron"]
[Black "Burrows, Martin P"]
[Result "1/2-1/2"]
[WhiteElo "2279"]
[BlackElo "2124"]
[PlyCount "80"]
[EventDate "2016.12.28"]
[EventType "swiss"]
[EventRounds "9"]
[EventCountry "ENG"]
[SourceTitle "CBM 176 Extra"]
[Source "ChessBase"]
[SourceDate "2017.03.02"]
[SourceVersion "1"]
[SourceVersionDate "2017.03.02"]
[SourceQuality "1"]

1. d4 Nf6 2. c4 g6 3. Nc3 Bg7 4. e4 d6 5. Be2 0-0 6. Bg5 Na6 7. Qd2 e5 8. d5 Qe8 9. Bd1 c6 10. Nge2 cxd5 11. cxd5 Nc5 12. Ng3 a5 13. Bc2 Bd7 14. 0-0 h5 15. Bh6 Nh7 16. Bxg7 Kxg7 17. f4 exf4 18. Rxf4 Qe7 19. Raf1 h4 20. Nge2 h3 21. g3 Ng5 22. Nd4 a4 23. Nf3 Nxf3+ 24. R1xf3 Qe5 25. Rh4 g5 26. Rh5 f6 27. Rf4 gxf4 28. Rxe5 fxe5 29. Ne2 f3 30. Qg5+ Kf7 31. Nc3 Ra6 32. Bd1 Ke8 33. Kf2 Rb6 34. Bxf3 Rxb2+ 35. Ke3 Rxf3+ 36. Kxf3 Rxh2 37. Qg8+ Ke7 38. Qg5+ Kf7 39. Qh5+ Ke7 40. Qg5+ Kf7 1/2-1/2

[Event "Biel MTO op 49th"]
[Site "Biel"]
[Date "2016.07.26"]
[Round "2"]
[White "Baron, Tal"]
[Black "Teh, Eu Wen Aron"]
[Result "1-0"]
[WhiteElo "2557"]
[BlackElo "2328"]
[PlyCount "83"]
[EventDate "2016.07.25"]
[EventType "swiss"]
[EventRounds "9"]
[EventCountry "SUI"]
[SourceTitle "CBM 173 Extra"]
[Source "ChessBase"]
[SourceDate "2016.08.29"]
[SourceVersion "1"]
[SourceVersionDate "2016.08.29"]
[SourceQuality "1"]

1. d4 Nf6 2. c4 e6 3. Nc3 Bb4 4. f3 d5 5. a3 Bxc3+ 6. bxc3 c5 7. cxd5 Nxd5 8. dxc5 f5 9. e4 fxe4 10. Qc2 e3 11. Bd3 Nd7 12. c6 bxc6 13. Ne2 Nc5 14. 0-0 Nxd3 15. Qxd3 0-0 16. Re1 Qf6 17. Bxe3 Ba6 18. Qxa6 Nxe3 19. Qd3 Nd5 20. c4 Nb6 21. Qe4 Rad8 22. c5 Nd5 23. Nd4 Nf4 24. Nxe6 Rd2 25. Kh1 Nxe6 26. Qxe6+ Qxe6 27. Rxe6 Rb8 28. Rxc6 Rbb2 29. Rc8+ Kf7 30. Rc7+ Kf6 31. Rg1 Rdc2 32. Rxa7 Rxc5 33. Ra4 h5 34. h4 Rcc2 35. Kh2 Ra2 36. Kh3 Rc3 37. Ra6+ Kf7 38. Rb1 Raxa3 39. Rb7+ Kf8 40. Rg6 Rc4 41. Rgxg7 Raa4 42. Kg3 1-0

[Event "Canadian op"]
[Site "Windsor"]
[Date "2016.07.16"]
[Round "8"]
[White "Barron, Michael"]
[Black "Teh, Eu Wen Aron"]
[Result "1/2-1/2"]
[WhiteElo "2211"]
[BlackElo "2328"]
[PlyCount "130"]
[EventDate "2016.07.10"]
[EventType "swiss"]
[EventRounds "9"]
[EventCountry "CAN"]
[SourceTitle "EXT 2017"]
[Source "ChessBase"]
[SourceDate "2016.10.25"]
[SourceVersion "1"]
[SourceVersionDate "2016.10.25"]
[SourceQuality "1"]

1. e4 e5 2. Nf3 Nc6 3. Bb5 Nf6 4. 0-0 Nxe4 5. d4 Nd6 6. Bxc6 dxc6 7. dxe5 Nf5 8. Qxd8+ Kxd8 9. Nc3 Ke8 10. h3 Be6 11. g4 Ne7 12. Ng5 Bc4 13. Rd1 Nd5 14. Nge4 Nxc3 15. Nxc3 h5 16. b3 Be6 17. f3 Be7 18. Kg2 hxg4 19. hxg4 f5 20. exf6 Bxf6 21. Bb2 Kf7 22. Na4 b6 23. Rd3 Rh4 24. Rh1 Rah8 25. Rxh4 Rxh4 26. Bxf6 gxf6 27. Nc3 f5 28. Kg3 Rh1 29. Rd1 Rxd1 30. Nxd1 fxg4 31. fxg4 a5 32. Kf4 a4 33. Ne3 axb3 34. axb3 Kf6 35. b4 c5 36. bxc5 bxc5 37. Nd1 Kg6 38. Nc3 c4 39. Nb5 Bd7 40. Nc3 Bc6 41. Ne2 Bd7 42. c3 Bc8 43. Nd4 Bd7 44. Nf3 Be6 45. Ne5+ Kh6 46. Nc6 Kg6 47. Nb4 Bd7 48. Na6 c6 49. Nb4 Be8 50. Nc2 Bf7 51. Nd4 Bd5 52. Nf3 Kf6 53. Ne5 Ke7 54. Kf5 Be6+ 55. Kg6 Bd5 56. Kf5 Be6+ 57. Ke4 Bd5+ 58. Kd4 Kf6 59. Nxc4 Kg5 60. Ne3 Bf3 61. Ke5 c5 62. Nf1 Bxg4 63. Nd2 Kg6 64. Kd5 Kf7 65. Kxc5 Be2 1/2-1/2

[Event "South Wales op 12th"]
[Site "Cardiff"]
[Date "2015.07.17"]
[Round "10"]
[White "Gormally, Daniel"]
[Black "Teh, Eu Wen Aron"]
[Result "1/2-1/2"]
[WhiteElo "2484"]
[BlackElo "2321"]
[PlyCount "90"]
[EventDate "2015.07.11"]
[EventType "swiss"]
[EventRounds "10"]
[EventCountry "WLS"]
[SourceTitle "EXT 2016"]
[Source "ChessBase"]
[SourceDate "2015.10.08"]
[SourceVersion "1"]
[SourceVersionDate "2015.10.08"]
[SourceQuality "1"]

1. d4 Nf6 2. Nf3 e6 3. c4 d5 4. g3 dxc4 5. Bg2 c5 6. 0-0 Nc6 7. Ne5 Bd7 8. Nxc6 Bxc6 9. Bxc6+ bxc6 10. Qa4 cxd4 11. Qxc6+ Nd7 12. Qxc4 Bc5 13. b4 Be7 14. Bb2 e5 15. Nd2 0-0 16. Rac1 Nb6 17. Qb3 Qd5 18. a3 Rfc8 19. Qd3 Qa2 20. Rxc8+ Rxc8 21. Rb1 Na4 22. Rc1 Rd8 23. Ba1 Nc3 24. Re1 f5 25. Nf1 e4 26. Qa6 Bxb4 27. Qxa7 Qxa3 28. Qb6 Qa5 29. Qe6+ Kh8 30. Bxc3 Bxc3 31. Rb1 d3 32. exd3 exd3 33. Ne3 d2 34. Rd1 f4 35. gxf4 Qh5 36. Qc4 Ba5 37. f5 Re8 38. Kg2 h6 39. Qc6 Rxe3 40. fxe3 Qe2+ 41. Kh3 Qxe3+ 42. Kg2 Qe2+ 43. Kh3 Qh5+ 44. Kg3 Bc7+ 45. Kf2 Qxd1 1/2-1/2